| 000 | 00948cad a22002055a 4500 | ||
|---|---|---|---|
| 001 | E149613 | ||
| 008 | 100325e20091127xxk f 000 0 eng d | ||
| 035 | _a(Sirsi) u149613 | ||
| 041 | 0 | _aeng | |
| 100 | 1 | _aBeckett, Peter | |
| 245 | 0 | 0 |
_aUncertainty in dilapidations _h[electronic resource] |
| 260 |
_a[S.l.] _bPeter Beckett _c2010 |
||
| 520 | _aA paper presented at the PLA/RICS Dilapidations Forum Seminar on 27 November 2009. Discusses the difficulty of receiving definitive advice in the field of valuations relating to dilapidations, and looks at examples of conflicting advice being given. | ||
| 521 | _aAdvanced | ||
| 590 | _aKA | ||
| 651 | 4 |
_aEngland and Wales _y1543- |
|
| 690 | _aBUILT ENVIRONMENT-BUILDING SURVEYING-DILAPIDATIONS SURVEYING | ||
| 856 | 4 | 0 |
_uhttps://www.pla.org.uk/__data/assets/pdf_file/0019/85420/Dilaps_event_Nov_09_and_Jan_10_-_Beckett.pdf _zView the item free of charge (PDF file) at www.pla.org.uk |
| 942 | _n0 | ||
| 999 |
_c110563 _d110563 |
||